[Event "42nd Olympiad 2016"]
[Site "Baku AZE"]
[Date "2016.09.10"]
[Round "8.7"]
[Board "3"]
[White "Tari, Aryan"]
[Black "Vera Siguenas, Deivy"]
[Result "1-0"]
[WhiteTitle "GM"]
[BlackTitle "IM"]
[WhiteElo "2570"]
[BlackElo "2499"]
[WhiteTeam "Norway"]
[BlackTeam "Peru"]
[WhiteFideId "1510045"]
[BlackFideId "3804623"]
[EventDate "2016.09.02"]

1. d4 Nf6 2. c4 g6 3. g3 Bg7 4. Bg2 O-O 5. Nc3 d6 6. Nf3 Nc6 7. O-O e5 8. d5 Nb8
9. e4 a5 10. Ne1 Na6 11. Nd3 Nd7 12. Be3 Ndc5 13. Nxc5 Nxc5 14. Qd2 Qe7 15. Rae1
b6 16. f4 Ba6 17. b3 exf4 18. gxf4 Rae8 19. Bd4 Bxd4+ 20. Qxd4 Qh4 21. Qd2 Qh6
22. Rf2 Re7 23. Re3 Bc8 24. e5 Qg7 25. Nb5 dxe5 26. fxe5 Rxe5 27. Nxc7 Rd8 28.
Rfe2 Rxe3 29. Rxe3 Qf6 30. Ne8 Qh8 31. Qf2 Bf5 32. Qh4 Rb8 33. Nf6+ Kf8 34. Qh6+
Qg7 35. Qf4 Qxf6 36. Qxb8+ Kg7 37. Qe5 Qxe5 38. Rxe5 Kf8 39. Re3 Bd7 40. a3 f5
41. b4 axb4 42. axb4 Na6 43. d6 1-0

[Event "42nd Olympiad 2016"]
[Site "Baku AZE"]
[Date "2016.09.10"]
[Round "8.7"]
[Board "4"]
[White "Cruz, Cristhian"]
[Black "Urkedal, Frode"]
[Result "0-1"]
[WhiteTitle "GM"]
[BlackTitle "GM"]
[WhiteElo "2519"]
[BlackElo "2537"]
[WhiteTeam "Peru"]
[BlackTeam "Norway"]
[WhiteFideId "3801969"]
[BlackFideId "1506102"]
[EventDate "2016.09.02"]

1. d4 Nf6 2. c4 e6 3. Nf3 b6 4. g3 Ba6 5. Nbd2 Bb4 6. Qa4 c5 7. dxc5 Bxc5 8. Bg2
Bb7 9. O-O O-O 10. a3 Be7 11. Rd1 Qc7 12. Nf1 Bc6 13. Qc2 Be4 14. Qc3 Rc8 15.
Bf4 Qb7 16. Rac1 Nd5 17. Qd2 Nxf4 18. gxf4 a5 19. Ng3 Bc6 20. f5 Na6 21. Qf4 Qc7
22. Qg4 g6 23. fxg6 fxg6 24. h4 Rf8 25. e3 Rf7 26. Nd4 Bxg2 27. Kxg2 Raf8 28.
Rd2 Nc5 29. Rcd1 a4 30. f3 Qe5 31. Re2 h5 32. Qh3 Qf6 33. f4 e5 34. Nf3 exf4 35.
exf4 Ne6 36. Rxe6 Qxe6 37. f5 gxf5 38. Rd5 Rg7 39. Re5 Qxc4 40. Kf2 Bc5+ 0-1

[Event "42nd Olympiad 2016"]
[Site "Baku AZE"]
[Date "2016.09.10"]
[Round "8.8"]
[Board "1"]
[White "Bareev, Evgeny"]
[Black "Le, Quang Liem"]
[Result "1/2-1/2"]
[WhiteTitle "GM"]
[BlackTitle "GM"]
[WhiteElo "2675"]
[BlackElo "2723"]
[WhiteTeam "Canada"]
[BlackTeam "Vietnam"]
[WhiteFideId "4100140"]
[BlackFideId "12401137"]
[EventDate "2016.09.02"]

1. d4 Nf6 2. Nf3 d5 3. c4 e6 4. Nc3 Be7 5. Bf4 O-O 6. e3 Nbd7 7. c5 Ne4 8. Bd3
f5 9. Ne2 c6 10. O-O g5 11. Bg3 Nxg3 12. Nxg3 a5 13. Qa4 b5 14. cxb6 Bb7 15.
Rac1 Nxb6 16. Qd1 Nd7 17. Rc3 Bb4 18. Rc2 Bd6 19. Qe2 Qe7 20. Rfc1 Rfc8 21. a3
h6 22. Rc3 c5 23. dxc5 Rxc5 24. Nd4 Rac8 25. Ba6 Rxc3 26. Rxc3 Rxc3 27. bxc3 Nc5
28. Bxb7 Qxb7 29. Qh5 Bf8 30. Qg6+ Qg7 31. Qe8 Qf7 32. Qa8 a4 33. h3 Qb7 34. Qe8
Qe7 35. Qa8 Qb7 36. Qe8 Qd7 37. Qa8 Qb7 1/2-1/2

[Event "42nd Olympiad 2016"]
[Site "Baku AZE"]
[Date "2016.09.10"]
[Round "8.8"]
[Board "2"]
[White "Nguyen, Ngoc Truong Son"]
[Black "Kovalyov, Anton"]
[Result "1/2-1/2"]
[WhiteTitle "GM"]
[BlackTitle "GM"]
[WhiteElo "2633"]
[BlackElo "2617"]
[WhiteTeam "Vietnam"]
[BlackTeam "Canada"]
[WhiteFideId "12401110"]
[BlackFideId "114987"]
[EventDate "2016.09.02"]

1. d4 Nf6 2. c4 e6 3. Nc3 Bb4 4. Qc2 O-O 5. a3 Bxc3+ 6. Qxc3 d6 7. Nf3 Nbd7 8.
g3 b6 9. Bg2 Bb7 10. O-O c5 11. b4 Rc8 12. Bb2 d5 13. dxc5 bxc5 14. cxd5 cxb4
15. Qe3 Bxd5 16. axb4 Rc4 17. Qa3 Qb6 18. Qxa7 Rxb4 19. Qxb6 Rxb6 20. Bd4 Rb7
21. Rfd1 h6 22. Bf1 Rfb8 23. Ne5 Nxe5 24. Bxe5 Re8 25. Rdb1 Rxb1 26. Rxb1 Nd7
27. Bd4 Rc8 28. Ra1 Nb8 29. f3 Nc6 30. Bc3 Ne7 31. Bb4 Nc6 32. Rc1 Ra8 33. Bc3
f5 34. Bg2 Ra4 35. Bb2 Rc4 36. Rxc4 Bxc4 37. Kf2 Kf7 38. Bc3 Bd5 39. e4 fxe4 40.
fxe4 Bc4 41. Bf3 e5 42. Bd1 Kf6 43. Ke3 Nd8 44. Ba4 Ne6 45. Bc6 Ng5 46. Ba5 Ne6
47. Bd5 Bb5 48. Bb6 Bf1 49. Kd2 Ke7 50. Kc3 Bg2 51. h4 Bf1 52. Ba7 Nc7 53. Bc5+
Kf6 54. Bb7 Nb5+ 55. Kb4 Nd4 56. Bb6 Ne6 57. Bd5 Bd3 58. Kc3 Bf1 59. Kb4 Bd3 60.
Be3 Nc7 61. Kc5 Nxd5 62. exd5 h5 63. Bg5+ Kf7 64. Kd6 Ke8 65. Kxe5 1/2-1/2

[Event "42nd Olympiad 2016"]
[Site "Baku AZE"]
[Date "2016.09.10"]
[Round "8.9"]
[Board "1"]
[White "Giri, Anish"]
[Black "Dominguez Perez, Leinier"]
[Result "1/2-1/2"]
[WhiteTitle "GM"]
[BlackTitle "GM"]
[WhiteElo "2755"]
[BlackElo "2720"]
[WhiteTeam "Netherlands"]
[BlackTeam "Cuba"]
[WhiteFideId "24116068"]
[BlackFideId "3503240"]
[EventDate "2016.09.02"]

1. e4 e5 2. Nf3 Nc6 3. d4 exd4 4. Nxd4 Nf6 5. Nxc6 bxc6 6. e5 Qe7 7. Qe2 Nd5 8.
c4 Ba6 9. Nd2 g6 10. Nf3 Bg7 11. Bg5 f6 12. exf6 Qxe2+ 13. Bxe2 Nxf6 14. O-O-O
O-O-O 15. Nd2 c5 16. Bf3 d6 17. Rhe1 Rde8 18. Bc6 Nd7 19. Ne4 Bxc4 20. Nxc5 Nxc5
21. Rxe8+ Rxe8 22. Bxe8 Nd3+ 23. Rxd3 Bxd3 24. Bc6 Bf5 25. b4 a6 26. a4 Bd7 27.
b5 axb5 28. axb5 Bd4 29. f4 Bf5 30. Kd2 Kb8 31. Bd8 Kc8 32. Be7 Kb8 33. h3 h5
34. Bd8 Kc8 35. Bh4 Kb8 36. Bd8 Kc8 37. Bh4 Kb8 38. Ke2 Ka7 39. Kf3 Kb6 40. g4
hxg4+ 41. hxg4 Bd3 42. Be4 Bxe4+ 43. Kxe4 Kc5 44. Bd8 d5+ 45. Kd3 Bg7 46. Bxc7
Kxb5 1/2-1/2

[Event "42nd Olympiad 2016"]
[Site "Baku AZE"]
[Date "2016.09.10"]
[Round "8.9"]
[Board "2"]
[White "Bruzon Batista, Lazaro"]
[Black "L'Ami, Erwin"]
[Result "0-1"]
[WhiteTitle "GM"]
[BlackTitle "GM"]
[WhiteElo "2623"]
[BlackElo "2611"]
[WhiteTeam "Cuba"]
[BlackTeam "Netherlands"]
[WhiteFideId "3503739"]
[BlackFideId "1007998"]
[EventDate "2016.09.02"]

1. e4 e5 2. Nf3 Nc6 3. Bb5 Nf6 4. d3 Bc5 5. Bxc6 dxc6 6. Qe2 Nd7 7. Nbd2 O-O 8.
Nc4 Re8 9. Bd2 b5 10. Ne3 Nb6 11. O-O-O a5 12. Kb1 b4 13. g4 Na4 14. Bc1 Bd4 15.
Rhg1 Be6 16. Nc4 Rb8 17. Ka1 Bxc4 18. dxc4 c5 19. Nd2 Qd6 20. Nb3 Nb6 21. Kb1 a4
22. Nd2 Qe6 23. Rg3 Red8 24. g5 Rd6 25. h4 Nc8 26. h5 Nb6 27. Rh1 Kf8 28. Rh2
Ke8 29. g6 fxg6 30. hxg6 h6 31. Rh5 Kd7 32. b3 axb3 33. cxb3 Rf8 34. Nf3 Bc3 35.
Bb2 Kc8 36. Bxc3 bxc3 37. Rxe5 Qd7 38. Kc1 Rdf6 39. Ne1 Rxf2 40. Qd3 Rf1 41.
Qxc3 Rd8 42. Rd5 Nxd5 43. cxd5 Qb5 44. a3 Rdf8 45. Kb2 Qe2+ 46. Nc2 Qd1 47. Qd3
Qxd3 48. Rxd3 R8f3 0-1

[Event "42nd Olympiad 2016"]
[Site "Baku AZE"]
[Date "2016.09.10"]
[Round "8.9"]
[Board "3"]
[White "Van Kampen, Robin"]
[Black "Quesada Perez, Yuniesky"]
[Result "1-0"]
[WhiteTitle "GM"]
[BlackTitle "GM"]
[WhiteElo "2640"]
[BlackElo "2636"]
[WhiteTeam "Netherlands"]
[BlackTeam "Cuba"]
[WhiteFideId "1020854"]
[BlackFideId "3504409"]
[EventDate "2016.09.02"]

1. c4 Nf6 2. Nc3 e5 3. Nf3 Nc6 4. g3 Bb4 5. Nd5 Bc5 6. d3 h6 7. Bg2 d6 8. O-O a6
9. Bd2 Ba7 10. Bc3 Be6 11. Nd2 O-O 12. e3 Bd7 13. Rc1 Nxd5 14. cxd5 Ne7 15. Nc4
b5 16. Na5 Bb6 17. Qd2 Qe8 18. d4 f6 19. Nb3 e4 20. Bxe4 f5 21. Bg2 Qf7 22. Ba5
Nxd5 23. Rc2 Rad8 24. Nc1 Nf6 25. Bxb6 cxb6 26. d5 Rc8 27. Rxc8 Bxc8 28. Ne2 Bb7
29. Nf4 Rc8 30. Rd1 Ng4 31. e4 Ne5 32. h4 fxe4 33. Bxe4 Rc4 34. Qe3 Bc8 35. Bg2
Bg4 36. Re1 Rc2 37. Qxb6 Qc7 38. Qxa6 Rxb2 39. Ne6 Qc2 40. Qa8+ Kh7 41. Qa7 1-0

[Event "42nd Olympiad 2016"]
[Site "Baku AZE"]
[Date "2016.09.10"]
[Round "8.9"]
[Board "4"]
[White "Ortiz Suarez, Isan Reynaldo"]
[Black "Bok, Benjamin"]
[Result "1-0"]
[WhiteTitle "GM"]
[BlackTitle "GM"]
[WhiteElo "2581"]
[BlackElo "2592"]
[WhiteTeam "Cuba"]
[BlackTeam "Netherlands"]
[WhiteFideId "3507165"]
[BlackFideId "1017063"]
[EventDate "2016.09.02"]

1. e4 e5 2. Nf3 Nc6 3. Bc4 Bc5 4. O-O Nf6 5. d3 d6 6. c3 a6 7. a4 Ba7 8. Nbd2
O-O 9. h3 Ne7 10. Re1 Ng6 11. Nf1 c6 12. Ng3 Re8 13. Bb3 d5 14. d4 dxe4 15. Nxe4
Nxe4 16. Rxe4 Bf5 17. Ng5 Nh8 18. Rxe5 Rxe5 19. dxe5 Qxd1+ 20. Bxd1 Rd8 21. Bb3
h6 22. Nf3 Ng6 23. Be3 Bxe3 24. fxe3 Re8 25. Rd1 Nxe5 26. Nxe5 Rxe5 27. Rd8+ Kh7
28. Bxf7 Rxe3 29. Kf2 Re7 30. Bg8+ Kg6 31. g4 Bc2 32. h4 Kf6 33. a5 Be4 34. Kg3
Ke5 35. Rd2 Re8 36. Bf7 Re7 37. Ba2 g5 38. hxg5 hxg5 39. Rd8 c5 40. Bc4 Kf6 41.
Rc8 Re5 42. Rc7 Bh1 43. Kf2 Be4 44. Be2 Ke6 45. c4 Kd6 46. Rg7 Kc6 47. Bf3 Bxf3
48. Kxf3 Re1 49. Rg6+ Kd7 50. Rxg5 Kc6 51. Rg6+ Kc7 52. Rg7+ Kc6 53. g5 Rc1 54.
g6 Rxc4 55. Rg8 Rc1 56. g7 Rg1 57. Rc8+ Kb5 58. g8=Q Rxg8 59. Rxg8 Kxa5 60. Ke2 1-0

[Event "42nd Olympiad 2016"]
[Site "Baku AZE"]
[Date "2016.09.10"]
[Round "8.10"]
[Board "2"]
[White "Berkes, Ferenc"]
[Black "Yu, Yangyi"]
[Result "1/2-1/2"]
[WhiteTitle "GM"]
[BlackTitle "GM"]
[WhiteElo "2640"]
[BlackElo "2725"]
[WhiteTeam "Hungary"]
[BlackTeam "China"]
[WhiteFideId "718572"]
[BlackFideId "8603820"]
[EventDate "2016.09.02"]

1. d4 Nf6 2. c4 e6 3. Nf3 d5 4. Nc3 Bb4 5. Bg5 h6 6. Bxf6 Qxf6 7. Qa4+ Nc6 8. e3
O-O 9. Be2 Bd7 10. Qb3 dxc4 11. Qxc4 Bd6 12. O-O Qg6 13. Rfd1 Na5 14. Qd3 Qxd3
15. Bxd3 Rfd8 16. Rac1 Rac8 17. Nb5 a6 18. Nxd6 cxd6 19. Kf1 Kf8 20. Ke2 Nc6 21.
Bb1 d5 22. Rc3 Ke7 23. Rdc1 f6 24. a3 Na7 25. Rxc8 Rxc8 26. Rxc8 Nxc8 27. Nd2
Bb5+ 28. Bd3 Bxd3+ 29. Kxd3 Nd6 30. f3 f5 1/2-1/2

[Event "42nd Olympiad 2016"]
[Site "Baku AZE"]
[Date "2016.09.10"]
[Round "8.10"]
[Board "3"]
[White "Li, Chao b"]
[Black "Almasi, Zoltan"]
[Result "0-1"]
[WhiteTitle "GM"]
[BlackTitle "GM"]
[WhiteElo "2746"]
[BlackElo "2684"]
[WhiteTeam "China"]
[BlackTeam "Hungary"]
[WhiteFideId "8604436"]
[BlackFideId "702293"]
[EventDate "2016.09.02"]

1. d4 Nf6 2. c4 e6 3. Nc3 Bb4 4. Nf3 b6 5. e3 O-O 6. Bd3 Bb7 7. Bd2 d6 8. Qc2 c5
9. a3 Bxc3 10. Bxc3 cxd4 11. exd4 d5 12. c5 Nc6 13. O-O bxc5 14. dxc5 d4 15. Bd2
Qd5 16. Rfe1 e5 17. Bc4 Qd7 18. Nxe5 Nxe5 19. Rxe5 Bxg2 20. Kxg2 Qg4+ 21. Kh1
Qf3+ 22. Kg1 Qg4+ 23. Kf1 Qh3+ 24. Ke1 Qxh2 25. f4 Qg1+ 26. Bf1 Ng4 27. Qc4 Rae8
28. c6 Nxe5 29. fxe5 Rxe5+ 30. Kd1 Rf5 31. c7 d3 32. Qxd3 Rxf1+ 33. Kc2 Rxa1 0-1

[Event "42nd Olympiad 2016"]
[Site "Baku AZE"]
[Date "2016.09.10"]
[Round "8.11"]
[Board "1"]
[White "Navara, David"]
[Black "Wojtaszek, Radoslaw"]
[Result "1/2-1/2"]
[WhiteTitle "GM"]
[BlackTitle "GM"]
[WhiteElo "2742"]
[BlackElo "2736"]
[WhiteTeam "Czech Republic"]
[BlackTeam "Poland"]
[WhiteFideId "309095"]
[BlackFideId "1118358"]
[EventDate "2016.09.02"]

1. d4 Nf6 2. c4 e6 3. Nc3 Bb4 4. e3 O-O 5. Bd3 c5 6. Nf3 d5 7. cxd5 exd5 8. dxc5
Nbd7 9. Bd2 Nxc5 10. Be2 Ne6 11. a3 Be7 12. O-O a6 13. Rc1 Re8 14. Re1 b5 15.
Na2 Ne4 16. Bc3 Nxc3 17. Nxc3 Bb7 18. Qd2 Bf6 19. Nd4 Nxd4 20. exd4 Qb6 21. Red1
g6 22. g3 Rac8 23. Bf3 Rc4 24. Nxd5 Bxd5 25. Bxd5 Rxd4 26. Qc2 Rd8 27. Rxd4 Bxd4
28. Qb3 Qf6 29. Rc2 Qf5 30. Bb7 Rd6 31. Kg2 Kg7 32. Rd2 Qd7 33. Qf3 Bf6 34. Rxd6
Qxd6 35. Bd5 Qd7 36. b3 Qf5 37. Qxf5 gxf5 38. b4 Bb2 39. Bb7 Bxa3 40. Bxa6 f4
41. Bxb5 fxg3 42. hxg3 Bxb4 1/2-1/2

[Event "42nd Olympiad 2016"]
[Site "Baku AZE"]
[Date "2016.09.10"]
[Round "8.11"]
[Board "3"]
[White "Babula, Vlastimil"]
[Black "Bartel, Mateusz"]
[Result "1/2-1/2"]
[WhiteTitle "GM"]
[BlackTitle "GM"]
[WhiteElo "2540"]
[BlackElo "2646"]
[WhiteTeam "Czech Republic"]
[BlackTeam "Poland"]
[WhiteFideId "301264"]
[BlackFideId "1112635"]
[EventDate "2016.09.02"]

1. d4 d5 2. c4 c6 3. Nf3 Nf6 4. Nc3 dxc4 5. a4 Bf5 6. Ne5 e6 7. f3 Bb4 8. Nxc4
O-O 9. Kf2 Nbd7 10. e4 Bg6 11. Be3 Qb8 12. g3 a5 13. Be2 Ne8 14. Rc1 Nc7 15. Qb3
f6 16. Na2 Be7 17. Bf4 Bf7 18. Bd6 Bxd6 19. Nxd6 Qa7 20. Rhd1 Rab8 21. Kg2 Kh8
22. Nxf7+ Rxf7 23. Bc4 Nf8 24. Nc3 Rd7 25. d5 exd5 26. exd5 b5 27. axb5 cxb5 28.
Bf1 Qe3 29. Rc2 Rbd8 30. Bxb5 Rxd5 31. Rxd5 Rxd5 32. Bc4 Rd2+ 33. Rxd2 Qxd2+ 34.
Ne2 Nd5 35. Kf2 Nb4 36. Qe3 Qd8 37. b3 Ng6 38. f4 Ne7 39. Nd4 Ned5 40. Bxd5 Nxd5
41. Qe4 1/2-1/2

[Event "42nd Olympiad 2016"]
[Site "Baku AZE"]
[Date "2016.09.10"]
[Round "8.11"]
[Board "4"]
[White "Piorun, Kacper"]
[Black "Plat, Vojtech"]
[Result "1/2-1/2"]
[WhiteTitle "GM"]
[BlackTitle "IM"]
[WhiteElo "2681"]
[BlackElo "2519"]
[WhiteTeam "Poland"]
[BlackTeam "Czech Republic"]
[WhiteFideId "1130420"]
[BlackFideId "325740"]
[EventDate "2016.09.02"]

1. e4 c5 2. Nf3 Nc6 3. d4 cxd4 4. Nxd4 e6 5. Nc3 d6 6. Be3 Nf6 7. f4 e5 8. Nf3
Be7 9. Qd2 Ng4 10. O-O-O Nxe3 11. Qxe3 exf4 12. Qxf4 O-O 13. Kb1 Be6 14. Nd5 Re8
15. c3 Bf8 16. h4 a6 17. h5 h6 18. Bd3 Ne5 19. Bc2 Rc8 20. Rd4 Kh8 21. Qg3 b5
22. Nf4 Bd7 23. Rhd1 Rc5 24. Nxe5 Rcxe5 25. Bb3 Qg5 26. Qf2 Qf6 27. Rf1 Rxe4 28.
Bxf7 Bf5 29. Ng6+ Qxg6 30. Rxe4 Rxe4 31. Qxf5 Re1+ 32. Kc2 Qxg2+ 33. Rf2 Re2+
34. Rxe2 Qxe2+ 35. Kc1 Qe1+ 1/2-1/2

[Event "42nd Olympiad 2016"]
[Site "Baku AZE"]
[Date "2016.09.10"]
[Round "8.12"]
[Board "1"]
[White "Morovic Fernandez, Ivan"]
[Black "Zhang, Zhong"]
[Result "0-1"]
[WhiteTitle "GM"]
[BlackTitle "GM"]
[WhiteElo "2554"]
[BlackElo "2637"]
[WhiteTeam "Chile"]
[BlackTeam "Singapore"]
[WhiteFideId "3405400"]
[BlackFideId "8600694"]
[EventDate "2016.09.02"]

1. e4 d6 2. d4 Nf6 3. Nc3 g6 4. Nf3 Bg7 5. Be2 O-O 6. O-O a6 7. Re1 Nc6 8. d5
Ne5 9. Bf4 Nxf3+ 10. Bxf3 e5 11. dxe6 Bxe6 12. Qd2 Re8 13. Bg5 Qc8 14. Rad1 Nd7
15. Be2 b5 16. Nd5 Bxd5 17. exd5 Nc5 18. Qc1 b4 19. Be3 Qf5 20. Bxc5 dxc5 21. c3
bxc3 22. bxc3 Qf6 23. Bf3 Rxe1+ 24. Rxe1 Rb8 25. c4 Qd6 26. g3 Bd4 27. Kg2 Kg7
28. Re2 Qf6 29. Qc2 Rb2 30. Qd3 Rb4 31. h4 h5 32. a3 Rb6 33. Re1 Rb2 34. Re2 Rb8
35. Re1 Qb6 36. Re7 Qb2 37. Qe2 Qxe2 38. Bxe2 Rb2 39. Kf1 Rb1+ 40. Kg2 Re1 41.
Kf3 Ra1 42. Rxc7 Rxa3+ 43. Kg2 Ra2 44. Kf1 a5 45. d6 Kf6 46. Ra7 Ke6 47. d7 Ke7
48. f4 f5 49. Ke1 a4 50. Bd1 a3 51. Ba4 Bc3+ 52. Kd1 Rd2+ 53. Kc1 a2 54. Bb3
Rxd7 55. Rxa2 Rd3 56. Rg2 Kf6 57. Kc2 0-1

[Event "42nd Olympiad 2016"]
[Site "Baku AZE"]
[Date "2016.09.10"]
[Round "8.12"]
[Board "2"]
[White "Goh, Wei Ming Kevin"]
[Black "Vasquez Schroeder, Rodrigo"]
[Result "0-1"]
[WhiteTitle "IM"]
[BlackTitle "GM"]
[WhiteElo "2444"]
[BlackElo "2546"]
[WhiteTeam "Singapore"]
[BlackTeam "Chile"]
[WhiteFideId "5800706"]
[BlackFideId "3400042"]
[EventDate "2016.09.02"]

1. e4 e5 2. Nf3 Nc6 3. d4 exd4 4. Nxd4 Bc5 5. Nb3 Bb4+ 6. c3 Be7 7. c4 Bf6 8.
Nc3 a5 9. Be3 Bxc3+ 10. bxc3 Nf6 11. f3 d6 12. Nd4 Ne5 13. Be2 O-O 14. O-O b6
15. g4 Ba6 16. Nf5 Bxc4 17. Bxc4 Nxc4 18. Bg5 Re8 19. Qe1 h6 20. Bh4 Ne5 21. g5
Nh5 22. gxh6 g5 23. Bg3 Qf6 24. h4 Nd3 25. Qd2 Nxg3 26. Nxg3 Nf4 27. Nf5 Kh7 28.
Kh1 Rg8 29. Rg1 Ne6 30. Qd3 Kh8 31. Rg4 gxh4 32. Rag1 Rg6 33. Qe3 Rag8 34. Rxg6
Rxg6 35. Qf2 Qxc3 36. Nxh4 Rxh6 37. Qg3 Qg7 38. Qf2 Qf6 39. Rg4 Nf4 40. Qh2 Ng6 0-1

[Event "42nd Olympiad 2016"]
[Site "Baku AZE"]
[Date "2016.09.10"]
[Round "8.12"]
[Board "3"]
[White "Henriquez Villagra, Cristobal"]
[Black "Tin, Jingyao"]
[Result "1-0"]
[WhiteTitle "IM"]
[BlackTitle "IM"]
[WhiteElo "2508"]
[BlackElo "2439"]
[WhiteTeam "Chile"]
[BlackTeam "Singapore"]
[WhiteFideId "3409350"]
[BlackFideId "5804418"]
[EventDate "2016.09.02"]

1. e4 e5 2. Nf3 Nc6 3. Bc4 Nf6 4. Ng5 d5 5. exd5 Na5 6. Bb5+ c6 7. dxc6 bxc6 8.
Bd3 Nd5 9. h4 Bc5 10. Nc3 f5 11. Nxd5 Qxd5 12. O-O O-O 13. Be2 h6 14. d4 Bb6 15.
Nf3 e4 16. Ne5 Qxd4 17. Ng6 Rd8 18. Qxd4 Bxd4 19. c3 Bf6 20. Bf4 Be6 21. Bc7 Rd2
22. Bxa5 Rxe2 23. Nf4 Bc4 24. Nxe2 Bxe2 25. Rfe1 Bg4 26. c4 Kf7 27. a4 Bxh4 28.
b4 Bf6 29. Ra3 Bd4 30. b5 Rc8 31. Bd2 Ke6 32. Be3 Ke5 33. f4+ exf3 34. Bf2+ Kf4
35. g3+ Kg5 36. Bxd4 cxb5 37. cxb5 f4 38. gxf4+ Kxf4 39. Rc3 Rd8 40. Bxa7 Kg3
41. Bf2+ Kh3 42. b6 Rd2 43. a5 g5 44. a6 1-0

[Event "42nd Olympiad 2016"]
[Site "Baku AZE"]
[Date "2016.09.10"]
[Round "8.12"]
[Board "4"]
[White "Foo, Zhi Rong Benjamin"]
[Black "Perez Gormaz, Matias"]
[Result "0-1"]
[BlackTitle "FM"]
[WhiteElo "2233"]
[BlackElo "2444"]
[WhiteTeam "Singapore"]
[BlackTeam "Chile"]
[WhiteFideId "5801664"]
[BlackFideId "3406342"]
[EventDate "2016.09.02"]

1. e4 e5 2. Nf3 Nc6 3. Bc4 Nf6 4. d3 Be7 5. O-O O-O 6. Re1 d6 7. c3 Na5 8. Bb5
a6 9. Ba4 c5 10. Nbd2 b5 11. Bc2 h6 12. Nf1 Nc6 13. Qe2 Re8 14. Ng3 Bf8 15. h3
Be6 16. Nh2 d5 17. f4 dxe4 18. dxe4 exf4 19. Bxf4 Ra7 20. Rad1 Rd7 21. Rxd7 Nxd7
22. e5 Ncxe5 23. Rd1 Ng6 24. Bxg6 fxg6 25. Qd3 g5 26. Bd6 Nf6 27. Bxf8 Qxd3 28.
Rxd3 Kxf8 29. Rd6 Bxa2 30. Rxa6 Bc4 31. Nf3 g4 32. Nd2 gxh3 33. gxh3 Be6 34. h4
Rd8 35. Nde4 Nxe4 36. Nxe4 Bc4 37. Nxc5 Rd1+ 38. Kf2 Rd2+ 39. Kg3 Rxb2 40. Kf4
Rh2 41. Kg4 Rg2+ 42. Kf4 Rf2+ 43. Ke5 Re2+ 44. Kf4 Rh2 45. Kg4 Rc2 46. Ra8+ Kf7
47. Ra7+ Kg8 48. Ne4 Bd5 49. Nd6 Rxc3 50. Nxb5 Be6+ 51. Kf4 Rc4+ 52. Ke5 Rc5+
53. Kxe6 Rxb5 54. Ra4 Kh7 55. Rg4 h5 56. Rg1 Kh6 57. Rf1 Ra5 58. Rf2 Ra4 59. Rh2
g5 60. hxg5+ Kxg5 61. Ke5 Kg4 62. Rg2+ Kh3 63. Rg8 h4 64. Rb8 Kg3 65. Kf5 h3 66.
Rb3+ Kh4 67. Rb2 Rc4 68. Ra2 Rb4 69. Rc2 Rg4 70. Rc8 Ra4 71. Rc2 Rg4 72. Rc8 Rg1
73. Kf4 Rf1+ 74. Ke3 h2 75. Rh8+ Kg3 76. Rg8+ Kh3 77. Rh8+ Kg2 78. Rg8+ Kh1 79.
Ke2 Rg1 80. Rf8 Kg2 81. Rg8+ Kh3 82. Rh8+ Kg3 83. Rg8+ Kf4 0-1

[Event "42nd Olympiad 2016"]
[Site "Baku AZE"]
[Date "2016.09.10"]
[Round "8.13"]
[Board "1"]
[White "Solak, Dragan"]
[Black "Lupulescu, Constantin"]
[Result "1/2-1/2"]
[WhiteTitle "GM"]
[BlackTitle "GM"]
[WhiteElo "2635"]
[BlackElo "2618"]
[WhiteTeam "Turkey"]
[BlackTeam "Romania"]
[WhiteFideId "916811"]
[BlackFideId "1207822"]
[EventDate "2016.09.02"]

1. e4 e6 2. d4 d5 3. Nd2 c5 4. Ngf3 cxd4 5. Nxd4 Nc6 6. Bb5 Bd7 7. Nxc6 bxc6 8.
Bd3 Bd6 9. Qe2 Ne7 10. Nf3 Ng6 11. e5 Bc7 12. O-O O-O 13. c4 f6 14. Bxg6 hxg6
15. b3 g5 16. Ba3 Rf7 17. h3 a5 18. Bc5 Qb8 19. Rfe1 a4 20. b4 Bxe5 21. Nxe5
fxe5 22. Qxe5 Qxe5 23. Rxe5 Rf5 24. Rae1 dxc4 25. g4 Rxe5 26. Rxe5 Be8 27. Rxg5
c3 28. Be3 Rb8 29. Rc5 Rxb4 30. Rxc3 e5 31. Kh2 Bf7 32. Rxc6 Bxa2 33. Ra6 Bb3
34. Kg3 Kf7 35. Kh4 Bd5 36. Ra7+ Kf6 37. Bc5 Rb3 38. g5+ Kg6 39. Rxa4 Rc3 40.
Ra6+ Kf5 41. Be3 Rc6 42. Ra5 Rc4+ 43. Kg3 Ke6 44. Ra6+ Bc6 45. Ra7 g6 46. Rg7
Be4 47. Rg8 Bf5 48. Re8+ Kd6 49. Rh8 Ke6 50. Re8+ Kd6 51. Ra8 Ke6 52. Ra6+ Kd7
53. Ra3 Ke6 54. f3 Rc6 55. h4 e4 56. f4 Rd6 57. Kf2 Bg4 58. Ra4 Bf3 59. Ra5 Rd5
60. Ra8 Ke7 61. Ra7+ Ke6 62. Ra8 Ke7 63. Ra6 Bh5 64. Ra4 Bf3 65. Ra6 Bh5 66. Ra4
Bf3 67. Bd4 Ke6 68. Ra6+ Rd6 69. f5+ gxf5 70. Rxd6+ Kxd6 71. g6 Ke6 72. Kg3 Bh5
73. g7 Kf7 74. Kf4 1/2-1/2

[Event "42nd Olympiad 2016"]
[Site "Baku AZE"]
[Date "2016.09.10"]
[Round "8.13"]
[Board "2"]
[White "Parligras, Mircea-Emilian"]
[Black "Ipatov, Alexander"]
[Result "1/2-1/2"]
[WhiteTitle "GM"]
[BlackTitle "GM"]
[WhiteElo "2595"]
[BlackElo "2652"]
[WhiteTeam "Romania"]
[BlackTeam "Turkey"]
[WhiteFideId "1204297"]
[BlackFideId "14116731"]
[EventDate "2016.09.02"]

1. d4 Nf6 2. c4 g6 3. Nc3 d5 4. cxd5 Nxd5 5. e4 Nxc3 6. bxc3 Bg7 7. Nf3 c5 8.
Be3 Qa5 9. Nd2 Bd7 10. Rb1 Qxc3 11. d5 b6 12. Bc4 O-O 13. O-O Qa5 14. Bb3 Qa6
15. Re1 Bb5 16. Bg5 c4 17. a4 cxb3 18. axb5 Qxb5 19. Bxe7 Re8 20. Rxb3 Qa4 21.
Bd6 Nd7 22. Qb1 Rac8 23. Ra3 Qc2 24. Qxc2 Rxc2 25. Rxa7 Rxd2 26. Rxd7 Rxd5 27.
Re7 Rxe7 28. Bxe7 Rd7 29. Bb4 Rd4 30. Bc3 Rc4 31. Bxg7 Kxg7 32. f3 b5 33. Rb1
Rc5 34. Kf2 Kf6 35. Ke3 Ke5 36. Kd3 h5 37. f4+ Kxf4 38. Rf1+ Ke5 39. Rxf7 b4 40.
Re7+ Kf4 41. Rf7+ Ke5 42. Re7+ Kf6 43. Rb7 Rc3+ 44. Kd4 Rc2 45. g3 Rxh2 1/2-1/2

[Event "42nd Olympiad 2016"]
[Site "Baku AZE"]
[Date "2016.09.10"]
[Round "8.13"]
[Board "3"]
[White "Yilmaz, Mustafa"]
[Black "Marin, Mihail"]
[Result "1/2-1/2"]
[WhiteTitle "GM"]
[BlackTitle "GM"]
[WhiteElo "2616"]
[BlackElo "2572"]
[WhiteTeam "Turkey"]
[BlackTeam "Romania"]
[WhiteFideId "6302718"]
[BlackFideId "1200020"]
[EventDate "2016.09.02"]

1. Nf3 Nf6 2. c4 e6 3. g3 d5 4. Bg2 Be7 5. d4 O-O 6. Nc3 b6 7. O-O Bb7 8. Ne5
Na6 9. cxd5 exd5 10. Bf4 c5 11. Rc1 Rb8 12. Nb5 Qe8 13. a4 Ra8 14. b3 Qd8 15.
Be3 Re8 16. Nd3 Ng4 17. Bf4 Nf6 18. Be3 Ng4 19. Bf4 Nf6 20. Qc2 Bf8 21. Rfd1 Qd7
22. Be5 Qd8 23. Qb2 Ng4 24. Bf4 Nf6 25. dxc5 bxc5 26. Bg5 Qb6 27. Bxf6 gxf6 28.
Nf4 d4 29. Nd5 Bxd5 30. Bxd5 Rad8 31. Bf3 Nb4 32. Na3 f5 1/2-1/2